000 00750nam a2200217 a 4500
001 000018622
005 20200929165830.0
008 100512s1954 ag r 000 f spa d
040 _aDO-SdBNP
_bspa
_cBNPHU
082 _a943.914
_bS251c
100 1 _aSartre, Jean-Paul,
_d1905-1980
_913414
245 1 4 _aLos caminos de la libertad II :
_bel aplazamiento /
_cJean-Paul Sartre ; traducción Manuel R. Cardoso.
250 _a3a ed.
260 _aBuenos Aires :
_bLosada,
_c1954.
300 _a387 p. ;
_c21 cm.
490 1 _aLos Grandes Novelistas de Nuestra Época
650 4 _aNovela francesa
_91075
650 4 _aLiteratura francesa
_91074
700 1 _aCardoso, Manuel R.,
_etr.
_940247
830 0 _aLos Grandes Novelistas de Nuestra Época
_940248
999 _c18142
_d18142